000
00341 a2200157 4500
001
61043
020
_a
8516045692
040
_c
Anchieta - Pituba
100
_a
Obeid, César
240
1
0
_a
Minhas rimas de cordel
_l
por
245
1
0
_a
Minhas rimas de cordel
300
_a
48
362
0
_a
2005
650
4
_a
Literatura juvenil
942
_c
BK
999
_c
61043
_d
61043